| 000 | 01139nam a2200277 a 4500 | ||
|---|---|---|---|
| 999 |
_c430747 _d430747 |
||
| 003 | BLK | ||
| 005 | 20250721115540.0 | ||
| 008 | 210901b bu |||||r|||| 00| | bu d | ||
| 020 | _a9789542836124 | ||
| 040 | _aBLK | ||
| 041 |
_aBUL _cBUL |
||
| 080 |
_aАмериканска литература (на САЩ) _b821.111(73) _x-31 _z821.111(73)-31 |
||
| 100 |
_9463651 _aНовак, Бренда _eпърви автор |
||
| 139 |
_aНовак, Бренда _bН 85 |
||
| 245 |
_aКнижарницата край плажа _cБренда Новак ; прев. от англ. Зорница Русева |
||
| 260 |
_9217021 _aСофия _bСиела Норма _c2021 _f(Костинброд : Мултипринт) _n978-954-28- |
||
| 300 |
_a496 с. _c21 см |
||
| 380 | _aX | ||
| 500 | _aОриг. загл. The Bookstore on the Beach / Brenda Novac | ||
| 700 |
_aРусева, Зорница Христова _d1984 - _eпрев. от англ. _9463653 |
||
| 852 |
_bП _c821-31/Н 85 Б |
||
| 942 |
_cKNG _n0 _s1 _074 |
||
| 944 |
_aCR _c2021-09-01 _k30575 _lМартин Енчев |
||
| 999 | _d430747 | ||
| 999 | _d430747 | ||